Cambios en la estructura de suelos ándicos con uso forestal, su relación con la materia orgánica y la resiliencia en el SO del Neuquén, Argentina /

Guardado en:
Otros Autores: Candan, Florencia. (Disertante), Lobartini, Juan Carlos. (Orientador)
Formato: Manuscrito
Idioma:Spanish
Publicado: 2006.
Materias:
Etiquetas: Agregar Etiqueta
Sin Etiquetas, Sea el primero en etiquetar este registro!
LEADER 01098ntm a22002535a 4500
001 EEA.libagro009256
005 20160930090457.0
008 061211s2006####xx#a#####bm###000#0#spa#d
082 0 4 |a 631.417 
100 1 |a Candan, Florencia.  |4 dis 
245 1 0 |a Cambios en la estructura de suelos ándicos con uso forestal, su relación con la materia orgánica y la resiliencia en el SO del Neuquén, Argentina /  |c Florencia Candan. 
260 |c 2006. 
300 |a xiv, 159 h. :  |b il. ;  |c 30 cm. 
500 |a Director de tesis: Juan Carlos Lobartini. 
502 |a Tesis (magíster)--Universidad Nacional del Sur. Departamento de Agronomía, 2006. 
504 |a Incluye referencias bibliográficas (p. 87-103). 
650 7 |a Suelos.  |2 unbist 
650 7 |a Agronomía.  |2 unbist 
650 7 |a Ordenamiento de suelos.  |2 unbist 
651 0 |a Neuquén (Argentina). 
700 1 |a Lobartini, Juan Carlos.  |4 ths 
710 2 |a Universidad Nacional del Sur.  |b Departamento de Agronomía.  |4 dgg. 
859 |a AR-BbBCA  |b BIB. AGRONOMIA  |h 631.417  |i C216  |p 2012/6039 
859 |a AR-BbBCA  |b BIB. AGRONOMIA  |h 040  |i B148 2006-771  |p 117382/006